[Event "FIDE WCC 2018"]
[Site "Khanty-Mansiysk"]
[Date "2018.11.08"]
[Round "2.4"]
[White "Zhu, Jiner"]
[Black "Pogonina, Natalija"]
[Result "1/2-1/2"]
[WhiteElo "2379"]
[BlackElo "2465"]
[Annotator "TA"]
[PlyCount "113"]
[EventDate "2018.11.03"]
[EventType "k.o."]
[EventCountry "RUS"]
[SourceTitle "playchess.com"]
[Source "ChessBase"]
[SourceQuality "1"]

{[%evp 15,113,19,25,22,24,27,17,22,8,8,22,24,16,20,34,34,33,35,35,48,40,34,37,27,39,21,24,16,25,10,22,-4,8,0,0,0,44,0,7,-2,0,0,0,0,0,0,0,-10,-20,-26,-20,-22,0,0,0,0,0,0,0,0,8,10,43,13,19,0,0,0,11,0,39,46,985,981,940,941,941,828,877,0,857,0,0,0,0,0,8,8,8,0,0,0,8,0,0,0,8,0,0,0]} 1. e4 e5 2. Nf3 Nc6 3. Bc4 Bc5 4. b4 Bb6 5. a4 a6 6. Nc3 d6 {C51: Evans Gambit: Declined and Accepted without 5...Ba5} (6... Nf6 7. Nd5 d6 8. Nxb6 cxb6 9. d3 O-O 10. O-O Nxb4 11. c3 Nc6 12. Bg5 h6 13. Bh4 Be6 14. Bxe6 fxe6 15. Rb1 {0-1 (47) Grischuk,A (2750)-Carlsen,M (2832) chess.com INT 2017}) 7. Nd5 Ba7 8. d3 h6 {LiveBook: 5 Games} 9. c3 Nf6 10. O-O O-O 11. h3 Nxd5 12. Bxd5 Ne7 13. Bb3 Ng6 14. d4 $146 ({Predecessor:} 14. Be3) 14... Qe7 15. Re1 Be6 16. Bc2 Bd7 17. Be3 Rfd8 18. Qd2 Qf6 19. Kh2 Be6 20. d5 Bd7 21. Bxa7 Rxa7 22. Qe3 Raa8 23. g3 c6 24. c4 Rac8 {[#] aiming for ...cxd5.} 25. Nd2 Qg5 26. dxc6 Rxc6 27. Bd3 Qxe3 28. Rxe3 a5 29. bxa5 Ra8 30. Rb1 Rc7 31. Rb6 Rxa5 32. Rxd6 Rxa4 33. Be2 Ra2 34. Nb1 Be6 35. Nc3 Rb2 36. Rd8+ Kh7 37. Nd5 Rc5 38. Kg2 Ra5 39. Bh5 Rc2 40. Rb8 Raa2 41. Rf3 $1 {[#] Nb4 is the strong threat.} Rxc4 42. Rxb7 {Strongly threatening Bg4.} Rd2 43. Bg4 Bxg4 $4 {[%mdl 8192]} (43... Bxd5 $14 44. exd5 Nh8) 44. Rfxf7 $18 (44. hxg4 Nh8 $11) 44... Rxd5 45. Rxg7+ (45. hxg4 Rd6 $11) 45... Kh8 46. Rh7+ ({Stronger than} 46. hxg4 Rd6 $11) (46. Rxg6 Bc8 $11) 46... Kg8 47. Rhg7+ Kh8 $1 {Black wants to play ...Rd7.} 48. Rxg6 $2 ({Inferior is} 48. hxg4 Rd6 $11) ({White must play} 48. exd5 $18 Bc8 49. Rh7+ (49. Rxg6 Bxb7 50. Rxh6+ Kg8 $11) 49... Kg8 50. Rbg7+ Kf8 51. Rxg6) 48... Bc8 $11 {The position is equal.} 49. Rxh6+ Kg8 50. Rbh7 Rd2 51. Rh8+ Kf7 52. R8h7+ Kg8 53. Rh8+ Kf7 54. R8h7+ Kg8 55. Rh8+ Kf7 56. R8h7+ Kg8 57. Rh8+ {Precision: White = 55%, Black = 60%.} 1/2-1/2

[Event "FIDE WCC 2018"]
[Site "Khanty-Mansiysk"]
[Date "2018.11.08"]
[Round "2.5"]
[White "Abdumalik, Zhansaya"]
[Black "Zhao, Xue"]
[Result "1-0"]
[WhiteElo "2473"]
[BlackElo "2478"]
[Annotator "TA"]
[PlyCount "169"]
[EventDate "2018.11.03"]
[EventType "k.o."]
[EventCountry "RUS"]
[SourceTitle "playchess.com"]
[Source "ChessBase"]
[SourceQuality "1"]

{[%evp 14,169,88,69,74,43,64,65,72,53,59,30,27,6,31,0,31,0,0,-27,-24,-21,27,0,0,-25,38,29,34,15,170,166,166,180,170,0,0,0,0,0,0,0,0,0,0,0,-9,0,0,0,0,0,3,0,0,-11,0,-35,0,-39,-14,-61,-44,-49,-45,-32,-24,-33,-15,-24,0,-25,-32,-130,-54,-289,-287,-272,-272,-29980,-202,-189,-209,-191,-175,-409,-3,-496,-496,-496,-496,-496,-265,-258,-8,-16,0,0,0,0,0,0,0,-5,0,0,0,-1,-3,-76,-85,-147,-147,-148,0,0,0,0,0,0,0,0,0,0,0,-8,735,10,10,10,10,0,0,0,0,-8,-8,-8,-8,-8,-8,-8,-8,-8,-8,-8,-8,-8,-8,-8,0,-8,-8,-8,-8,-8,-8,-8]} 1. e4 {[%cal Be2e4,Be4e5][%mdl 32]} Nf6 2. e5 Nd5 3. d4 d6 4. Nf3 c6 5. exd6 (5. Be2 dxe5 6. Nxe5 Nd7 7. Nf3 g6 8. O-O Bg7 9. c4 Nc7 10. Nc3 O-O 11. Bf4 Ne6 12. Be3 Nf6 13. h3 Qc7 14. Qd2 Rd8 15. Rad1 b6 16. Rfe1 Bb7 17. Qc1 Nh5 18. Bf1 {1-0 (36) Anand,V (2784)-Nakamura,H (2787) Zuerich 2016 CBM 171 [Ramirez Alvarez,Alejandro]}) 5... Qxd6 6. c4 {B04: Aljechin-Verteidigung (Moderne Variante)} Nf6 7. Nc3 Bg4 8. Be2 {LiveBook: 5 Partien. Weiß steht besser.} Nbd7 9. h3 Bh5 10. O-O e6 11. c5 $146 ({Vorgänger:} 11. d5 e5 12. Ng5 Bxe2 13. Qxe2 {1-0 (40) Ter Sahakyan,S (2541)-Petrosian,T (2604) Yerevan 2011}) 11... Qc7 12. b4 Be7 13. a4 O-O 14. Bg5 Rfd8 15. Qb3 b6 16. Rfe1 a5 17. cxb6 Nxb6 18. b5 h6 19. Bh4 Nfd5 (19... cxb5 $11 20. Bg3 Qb7) 20. Bxe7 Nxe7 21. Rac1 Rab8 $2 (21... cxb5 $11 22. Qxb5 (22. Nxb5 Qf4 $11) 22... Bxf3 23. Bxf3 Rab8) 22. bxc6 $1 $18 Nxc6 23. Nb5 Qd7 24. Red1 $2 (24. Ne5 $18 Nxe5 25. Bxh5) 24... Nd5 {[%cal Bb6d5,Bd5c7,Bc7a6,Ba6b4][%mdl 32]} 25. Ne5 Nxe5 26. Bxh5 Nc6 {[%cal Be5c6,Bc6e7,Be7f5][%mdl 32]} 27. Bf3 Nce7 28. Rc5 Nc7 29. Rb1 (29. Rxc7 $2 Qxc7 30. Qa3 Qd7 $19) 29... Na6 30. Rc4 Nf5 31. Qd1 Qe7 32. Rbc1 Nb4 33. Qe2 Qf6 {[%cal Rf5d4]} 34. Rd1 Rd7 35. Qe5 Rbd8 36. Qc5 Nh4 37. Bc6 Nxc6 38. Qxc6 Rd5 39. Rc3 Rg5 (39... Nf5 {is more complex.} 40. Rcd3 R8d7 41. Qc2 g6 42. Qc8+ Qd8) 40. Rg3 Rxg3 41. fxg3 Nf5 42. Qc3 h5 43. Rf1 {[#]} (43. Rd3 $15) 43... Qg5 (43... Nxd4 $1 $17 {[%mdl 512]} 44. Qe1 Qg5 45. Nxd4 Rxd4) 44. Qxa5 $2 ({Günstiger ist} 44. Rf3 $15) 44... Nxg3 $19 45. Re1 Rc8 46. Qa6 $2 (46. d5 $19 Rc1 47. Rxc1 Qxc1+ 48. Kf2 Qf4+ 49. Ke1) 46... Rc2 $2 (46... Rc1 {setzt Matt} 47. Rxc1 Qxc1+ 48. Kf2 h4 49. Nc7 Qd2+ 50. Kf3 Qc3+ 51. Kf2 Ne4+ 52. Kg1 Qxd4+ 53. Kh2 Qe5+ 54. Kg1 Ng3 55. Kf2 Qf4+ 56. Ke1 Qc1+ 57. Kf2 Ne4+ 58. Kf3 Qc3+ 59. Ke2 Qd2+ 60. Kf3 Ng5+ 61. Kg4 Qxg2+ 62. Kh5 Qf3+ 63. Kxh4 Qf4+ 64. Kh5 g6+ 65. Kh6 Nxh3#) 47. Qa8+ Kh7 48. Qf3 Nf5 49. Rf1 $2 (49. Kh2) 49... h4 $2 ({Lieber} 49... Ne3 $19 {[%cal Rc2g2]} 50. Nd6 Nxf1 51. Qd3+ Qg6 52. Qxf1 f5) 50. d5 $2 {[%mdl 8192]} (50. Qe4 $11 {und Weiss muss sich keine Sorgen machen.} Qd2 51. Nd6 Qxd4+ 52. Qxd4 Nxd4 53. Rxf7) 50... Ne3 {[%cal Rc2g2]} 51. Rf2 {Mit der Idee Txc2.} Rc1+ 52. Kh2 Qe5+ (52... Rc4 $142 53. Kg1 Qe5) 53. Qf4 {[#]} Qxf4+ $2 (53... Ng4+ $1 $19 {[%mdl 512]} 54. hxg4 Qa1 55. Qxc1 (55. Qe4+ $2 f5 $19) 55... Qxc1) 54. Rxf4 {[%mdl 4096] Endspiel KTS-KTS} Nf1+ 55. Kg1 Ne3+ 56. Kf2 Nxd5 57. Rxf7 Ra1 58. Nd4 Kg6 59. Ra7 Kf6 60. Ra6 Nf4 61. Kf3 (61. Ra8 $11) 61... g5 $17 62. a5 {[#]} (62. Ra8 $142) 62... Ra3+ $1 63. Ke4 Ra2 (63... Ra4 $17 64. Ra7 e5 65. Ra6+ Ke7 66. Kxe5 Nd3+ 67. Kf5 Rxd4 68. Kxg5 Ra4) 64. Ra8 $11 Rxg2 65. a6 Ra2 66. a7 Kg7 67. Nc6 {zielt auf Td8 ab.} Ra4+ 68. Ke5 g4 69. Rb8 $132 {[%mdl 2048] Weiss puts up resistance} Nxh3 $2 {[%mdl 8192] [#]} (69... g3 $11 70. a8=Q Rxa8 71. Rxa8 g2) 70. a8=Q $2 (70. Rb4 $1 $18 {[%cal Rb4a4]} Rxa7 71. Rxg4+ (71. Nxa7 g3 $11) 71... Kh6 72. Nxa7) 70... Rxa8 {Die Stellung ist ausgeglichen.} 71. Rxa8 {Droht stark Sd8.} g3 {Und weiter mit ...g2 wäre nett.} 72. Ra2 {Und Sd4 würde nun gewinnen.} Nf2 73. Nd4 h3 74. Nf3 h2 75. Ra1 Kf7 76. Kf4 h1=Q 77. Rxh1 Nxh1 {KS-KS} 78. Kg4 Kf6 79. Kh3 Kf5 80. Kg2 Kf4 81. Ng1 $1 Ke3 82. Nh3 Nf2 {( -> ...Sxh3)} 83. Ng5 e5 84. Nf7 e4 {...Kf4 ist eine echte Drohung.} 85. Kxg3 {[%mdl 32768] Precision: Weiß = 40%, Schwarz = 43%. . Sensor Board Error (Ke4/e5)?} 1-0

[Event "FIDE WCC 2018"]
[Site "Khanty-Mansiysk"]
[Date "2018.11.08"]
[Round "2.5"]
[White "Pogonina, Natalija"]
[Black "Zhu, Jiner"]
[Result "1-0"]
[WhiteElo "2465"]
[BlackElo "2379"]
[Annotator "TA"]
[PlyCount "49"]
[EventDate "2018.11.03"]
[EventType "k.o."]
[EventCountry "RUS"]
[SourceTitle "playchess.com"]
[Source "ChessBase"]
[SourceQuality "1"]

{[%evp 20,49,65,60,192,196,199,211,181,193,242,233,565,566,560,408,1158,1199,29978,29979,29979,29980,29980,29981,2425,1820,1612,1590,29994,29995,29995,29996]} 1. d4 Nf6 2. c4 g6 3. Nc3 Bg7 4. e4 d6 5. Be2 O-O 6. Bg5 c5 7. d5 e6 8. Qd2 exd5 9. exd5 Re8 10. Nf3 Qb6 {E75: Königsindisch (Awerbach-Angriff)} (10... Bg4 11. O-O Nbd7 12. h3 Bxf3 13. Bxf3 Qb6 14. Qc2 Kh8 15. Bd2 a6 16. Rae1 Rxe1 17. Rxe1 Re8 18. Bd1 Rxe1+ 19. Bxe1 Qd8 20. Qe2 Ne8 21. g4 {1-0 (40) Atalik,S (2603)-Pap,G (2569) Vrnjacka Banja 2012 CBM 151 [Atalik,S]}) 11. O-O {LiveBook: 15 Partien} Ne4 (11... Bg4 $14) 12. Nxe4 $18 Rxe4 {Weiß steht deutlich besser.} 13. Bd3 Re8 14. Rae1 Rf8 $146 ({Vorgänger:} 14... Bd7 15. Qf4 Na6 16. Be7 Qxb2 17. Ng5 f6 18. Qxd6 {1-0 (30) Hernando Rodrigo,J (2323)-Barria Zuniga,D (2326) Barbera del Valles 2000}) 15. Be7 Bg4 $2 (15... Nd7 {ist eine bessere Chance.} 16. Bxf8 Kxf8) 16. Bxf8 Kxf8 17. Ng5 h6 {[#]} (17... Nd7 $142 18. h3 h6 19. Ne6+ Bxe6 20. dxe6 Ne5 21. exf7 Qb4) 18. Nxf7 $1 {[%mdl 512]} Kxf7 19. Qf4+ Bf5 20. Bxf5 gxf5 21. Qxf5+ Bf6 22. Qh5+ Kg7 23. Re8 {[#] Beabsichtigt Dg4+ und Matt.} Qxb2 24. Qg4+ Bg5 25. Qe6 {Precision: Weiß = 96%, Schwarz = 16%.} 1-0

[Event "FIDE WCC 2018"]
[Site "Khanty-Mansiysk"]
[Date "2018.11.08"]
[Round "2.5"]
[White "Pogonina, Natalija"]
[Black "Zhu, Jiner"]
[Result "1/2-1/2"]
[WhiteElo "2465"]
[BlackElo "2379"]
[Annotator "TA"]
[PlyCount "108"]
[EventDate "2018.11.03"]
[EventType "k.o."]
[EventCountry "RUS"]
[SourceTitle "playchess.com"]
[Source "ChessBase"]
[SourceQuality "1"]

{[%evp 18,108,21,13,17,17,43,12,15,22,47,0,0,-16,-22,-39,80,-64,-56,-53,-74,-96,-100,-64,-37,-62,-59,-57,-57,-56,-58,-111,-73,-139,-115,-181,0,0,-5,-58,-58,-65,-18,-41,-51,-56,-47,-43,-11,-35,-31,-54,-23,-31,-27,-61,-14,-20,-16,-33,-34,-63,-20,-33,-18,-65,-65,-65,-65,-65,-65,-65,-66,-66,-66,-51,-39,-39,-12,-79,0,0,0,0,0,0,0,0,0,0,0,0,0]} 1. d4 Nf6 2. c4 g6 3. Nf3 Bg7 4. e3 O-O 5. Be2 c5 (5... d6 6. Nc3 Bf5 7. Qb3 b6 8. d5 a5 9. Nd4 Bd7 10. O-O Na6 11. Qd1 Nc5 12. Bf3 Rc8 13. a3 e5 14. dxe6 Nxe6 {0-1 (56) Topalov,V (2747)-Ding,L (2797) Wenzhou 2018}) 6. d5 {E60: King's Indian: Unusual lines and Fianchetto Variation without Nc3} e6 7. Nc3 exd5 8. cxd5 d6 9. Nd2 Na6 10. O-O {LiveBook: 27 Games} Nc7 11. e4 Re8 12. Re1 a6 {[%cal Ba7a6,Ba6b5][%mdl 32]} 13. a4 b6 14. Bf1 Rb8 15. Nc4 $146 ({Predecessor:} 15. Rb1 b5 {½-½ (33) Teterev,V (2487)-Meribanov,V (2385) Minsk 2017}) 15... b5 $36 {[%mdl 2048] Black has some pressure.} 16. axb5 Nxb5 (16... axb5 $15 {keeps the upper hand.} 17. Na5 Bd7) 17. Nxb5 (17. Bg5 $16) 17... axb5 $15 18. Na5 Bd7 19. Nc6 Bxc6 $1 20. dxc6 {Hoping for e5!} Qb6 21. Qxd6 Rbd8 22. Qf4 Qxc6 {[%cal Rf6e4]} 23. Ra7 Qb6 24. Ra1 (24. Qc7 $15 Qxc7 25. Rxc7) 24... Qb7 {[%cal Rf6e4]} 25. Ra5 {[#]} (25. Be3 $142) 25... c4 $1 $17 {[%cal Rf6e4]} 26. Qg5 (26. e5 $17 {keeps fighting.}) 26... Nxe4 $2 (26... Rxe4 $19 27. Rxb5 Qxb5 28. Rxe4 Rd5 29. Rxc4 Rxg5 30. Rc8+ Bf8 31. Bxb5 Rxb5) 27. Qxb5 $11 Qc7 28. Ra4 ({White should try} 28. Be3 $11) 28... Bd4 $15 29. Be3 Nd6 (29... Nd2 $5 30. Ra6 (30. Bxc4 $2 Re5 $19) 30... Bxe3 31. fxe3 Rb8 $17) 30. Qd5 Bxe3 31. Rxe3 Rxe3 32. fxe3 Qe7 33. Qc5 Rc8 34. Ra7 {With the idea Qxc8+!} Qe6 (34... Qe8 $5 {[%cal Rc8c5]} 35. Qg5 Nf5 $17) 35. Qb6 $1 Qe8 {Threatens to win with ...Rc6.} 36. Ra3 Rc6 37. Qb4 h5 38. h3 Kh7 39. Rc3 Qc8 40. Be2 Qc7 41. Qa4 Qb6 42. Qc2 Nb5 43. Rxc4 Qxe3+ 44. Kh1 Re6 45. Bf1 $1 Nd6 46. Rc3 $1 {[%cal Rc3e3]} Qe1 47. Rf3 Nf5 48. Qf2 {[#]} (48. Qc3 $11) 48... Qc1 ({Black should play} 48... h4 $1 $17 49. Kg1 Qc1) 49. g4 $1 $11 {[%cal Rg4f5] The position is equal.} hxg4 50. hxg4 Nh6 51. Rxf7+ Nxf7 52. Qxf7+ Kh6 {Strongly threatening ...Qc6+.} 53. Qxe6 Qxf1+ 54. Kh2 Qf2+ {Precision: White = 34%, Black = 56%.} 1/2-1/2

[Event "FIDE WCC 2018"]
[Site "Khanty-Mansiysk"]
[Date "2018.11.08"]
[Round "2.6"]
[White "Zhu, Jiner"]
[Black "Pogonina, Natalija"]
[Result "0-1"]
[WhiteElo "2379"]
[BlackElo "2465"]
[Annotator "TA"]
[PlyCount "96"]
[EventDate "2018.11.03"]
[EventType "k.o."]
[EventCountry "RUS"]
[SourceTitle "playchess.com"]
[Source "ChessBase"]
[SourceQuality "1"]

{[%evp 15,96,22,24,15,25,17,18,14,14,18,28,21,27,19,27,27,30,0,0,0,0,0,13,0,27,-11,-11,-12,-14,-11,-12,-18,-5,-31,-20,-52,-48,-53,0,0,0,0,0,9,16,0,14,0,0,-19,0,-99,-72,-62,0,0,0,0,0,0,0,0,0,0,8,16,14,0,19,12,26,0,0,0,24,0,0,0,0,-275,-272,-29976,-29977]} 1. e4 e5 2. Nf3 Nc6 3. Bc4 Bc5 4. b4 Bb6 5. a4 a6 6. Nc3 d6 {C51: Evans Gambit: Declined and Accepted without 5...Ba5} (6... Nf6 7. Nd5 d6 8. Nxb6 cxb6 9. d3 O-O 10. O-O Nxb4 11. c3 Nc6 12. Bg5 h6 13. Bh4 Be6 14. Bxe6 fxe6 15. Rb1 {0-1 (47) Grischuk,A (2750)-Carlsen,M (2832) chess.com INT 2017}) 7. Nd5 Ba7 8. d3 h6 {LiveBook: 5 Games. The position is equal.} 9. O-O Nf6 10. c3 O-O 11. h3 Nxd5 12. Bxd5 Ne7 13. Bb3 Be6 $146 ({Predecessor:} 13... Ng6 14. Be3 {0-1 (50) Kruza,P (2275)-Stoinev,M (2355) Warsaw 1990}) 14. Bxe6 fxe6 15. d4 Ng6 16. g3 Qf6 17. Kg2 Rf7 18. Be3 exd4 19. cxd4 e5 20. d5 Bxe3 21. fxe3 Qe7 22. Qe2 Qd7 23. g4 $1 Raf8 24. Kg3 c6 25. dxc6 Qxc6 26. Qd3 $1 Ne7 (26... d5 $15 27. exd5 Qd6) 27. Kg2 Rf6 28. b5 axb5 29. axb5 Qb6 30. h4 Qd8 31. g5 R6f7 32. Kg3 h5 33. Rad1 (33. Qe2 $11 {keeps the balance.}) 33... Qc8 $17 34. Nh2 {[#] White wants to play Rxf7.} Rxf1 (34... d5 $1 $15 {[%mdl 512]} 35. Rxf7 (35. exd5 Nf5+) 35... Rxf7) 35. Rxf1 $11 Rxf1 36. Qxf1 Qc3 37. Qe2 $1 d5 38. exd5 Nxd5 39. Nf1 Nf4 40. Qa2+ Kh7 41. Qb1+ Kh8 42. Qd1 Kg8 43. Qd8+ Kh7 {Strongly threatening ...Qe1+.} 44. Qd1 Kg8 45. Kh2 Qb2+ 46. Nd2 Nd5 47. g6 $2 {[%mdl 8192]} (47. Qe2 $11 {and White has nothing to worry.}) 47... Nxe3 $19 48. Qe2 $2 {[#]} (48. Qb3+ $19 Qxb3 49. Nxb3) 48... Qxd2 $1 {[%mdl 512] Precision: White = 47%, Black = 56%.} 0-1

[Event "FIDE WCC 2018"]
[Site "Khanty-Mansiysk"]
[Date "2018.11.09"]
[Round "3.1"]
[White "Muzychuk, Anna"]
[Black "Stefanova, Antoaneta"]
[Result "1-0"]
[WhiteElo "2564"]
[BlackElo "2490"]
[Annotator "TA"]
[PlyCount "51"]
[EventDate "2018.11.03"]
[EventType "k.o."]
[EventCountry "RUS"]
[SourceTitle "playchess.com"]
[Source "ChessBase"]
[SourceQuality "1"]

{[%evp 17,51,23,49,58,57,59,82,41,58,47,35,40,93,97,272,271,264,237,233,231,348,345,515,325,841,840,841,491,841,836,978,981,1189,1173,29997,29998]} 1. e4 e5 2. Nf3 Nf6 3. Nxe5 d6 4. Nf3 Nxe4 5. d4 d5 6. Bd3 Bd6 7. O-O O-O 8. c4 {[%cal Bc2c4,Bc4c5][%mdl 32]} c6 9. Qc2 Nf6 10. c5 {C42: Petroff Defence: 3 Nxe5 and unusual White 3rd moves} Be7 (10... Bc7 11. Bg5 {½-½ (11) Djukic,N (2562)-Ivanovic,B (2398) Bar 2018}) 11. Bf4 h6 12. h3 {White is better.} b6 $146 ({Predecessor:} 12... Nbd7 13. Nbd2 Re8 14. Ne5 Nxe5 15. Bxe5 Nd7 16. Bh2 Bf6 17. Nf3 Nf8 18. Rad1 Ne6 19. b4 Bd7 20. a4 Kh8 21. Qc3 b6 22. Ne5 {½-½ (22) Pang,K (1367)-Tan,J (1901) Penang 2017}) 13. Nbd2 bxc5 14. dxc5 Qa5 ({Better is} 14... a5 $14) 15. Rac1 $36 {[%mdl 2048] White has strong initiative.} Nfd7 $2 {[#]} (15... Na6 $16) 16. Nb3 $1 $18 {[%cal Rb3a5]} Qa4 17. Rfe1 {[%cal Bf1e1,Be1e7,Be7e8][%mdl 32]} Qxf4 18. Rxe7 Rd8 (18... Qf6 {keeps fighting.}) 19. Rce1 Nf8 (19... Qf6 {was called for.} 20. Nbd4 (20. Re8+ Nf8 $18) 20... Nf8) 20. Re8 Qc7 $2 (20... Qf6 21. Bh7+ Kh8) 21. R1e7 Bd7 22. Bh7+ Kh8 23. Ne5 {[%cal Re5f7]} Bxe8 24. Rxc7 Nxh7 25. Rxf7 {Strongly threatening Qg6.} Kg8 {[#]} 26. Qg6 $1 {[%mdl 512] Precision: White = 82%, Black = 16%.} 1-0

[Event "FIDE WCC 2018"]
[Site "Khanty-Mansiysk"]
[Date "2018.11.09"]
[Round "3.1"]
[White "Harika, Dronavalli"]
[Black "Kosteniuk, Alexandra"]
[Result "1/2-1/2"]
[WhiteElo "2498"]
[BlackElo "2543"]
[Annotator "TA"]
[PlyCount "117"]
[EventDate "2018.11.03"]
[EventType "k.o."]
[EventCountry "RUS"]
[SourceTitle "playchess.com"]
[Source "ChessBase"]
[SourceQuality "1"]

{[%evp 18,117,0,0,0,0,11,0,0,-17,0,-10,0,-17,11,0,17,0,35,20,29,22,32,32,35,35,44,31,57,6,62,50,37,44,52,50,44,27,65,9,11,0,11,0,0,0,0,0,0,-18,100,79,79,69,52,65,56,48,47,18,58,57,118,102,106,100,93,97,90,82,84,84,82,83,120,69,59,59,67,26,33,8,8,8,8,8,19,20,20,0,0,0,0,0,0,0,0,0,0,0,0,0]} 1. d4 Nf6 2. c4 e6 3. g3 d5 4. Bg2 Bb4+ 5. Bd2 Be7 6. Nf3 O-O 7. O-O Nbd7 8. Qc2 c6 9. Rc1 {E11: Bogo-Indian} a5 10. a4 {LiveBook: 26 Games} h6 11. b3 $146 ({Predecessor:} 11. h3 Re8 12. b3 Bf8 13. Nc3 b6 14. e4 dxe4 15. Nxe4 Bb7 16. Nxf6+ Nxf6 {½-½ (39) Dautov,R (2605)-Meier,G (2659) Deizisau 2016}) 11... Ne4 12. Be1 f5 13. Ra2 g5 14. Nfd2 {[%cal Rd2e4]} Ndf6 15. Nxe4 Nxe4 (15... dxe4 {keeps more tension.} 16. Bc3 Bb4 17. f3 Qe7 18. Rf1 e3) 16. Nd2 Bf6 17. Nxe4 fxe4 18. Rd1 Qb6 19. Bc3 Bd7 20. Rb2 Bg7 21. b4 axb4 22. Rxb4 Qa7 {...c5 is the strong threat.} 23. c5 ({White should play} 23. Rdb1 $14 Rf7 24. Bh3 (24. Rxb7 Qxa4 25. Qb3 Qxb3 $11)) 23... Qb8 (23... e5 $11) 24. Rdb1 Bc8 25. f3 exf3 $1 26. Bxf3 Qc7 $1 27. Bg2 Qe7 28. e4 (28. Qb3 $14) 28... e5 $1 $11 29. Kh1 dxe4 30. dxe5 Qxc5 31. Rxe4 Be6 32. Re2 Bd5 33. a5 {[#]} Bxg2+ (33... Rf3 $1 $11 {[%mdl 512]} 34. Bb2 (34. Bxf3 Bxf3+) 34... Qxc2 35. Rxc2 Rxa5) 34. Kxg2 $16 Qd5+ 35. Qe4 Qxe4+ $1 36. Rxe4 Rf7 37. e6 Rc7 38. Bd2 Re8 39. h4 gxh4 (39... Bf6 $14) 40. gxh4 c5 41. Bf4 Rce7 {[#]} 42. Rb6 $1 Bc3 {[#]} 43. a6 $1 {[%cal Ra6b7]} bxa6 44. Bxh6 Bf6 45. Rxa6 c4 46. Kh3 ({White should try} 46. Rc6 $16) 46... c3 $14 47. Rc6 $1 Kh7 48. Bc1 {Threatens to win with Kg4.} Rg7 49. Rg4 {And now Rxg7+ would win.} Rge7 $1 {The position is equal.} 50. Rc5 {[%cal Rc5h5]} Rg7 51. Rxg7+ Bxg7 $11 {[%mdl 4096] Endgame KRB-KRB} 52. Rc6 Bh6 $1 53. Bxh6 Kxh6 {KR-KR} 54. Kg4 Kg6 55. h5+ Kf6 56. h6 {Black must now prevent Kh5.} c2 57. Kh5 Rxe6 58. Rxc2 {Rf2+ would kill now.} Re5+ 59. Kg4 {Precision: White = 53%, Black = 65%.} 1/2-1/2

[Event "FIDE WCC 2018"]
[Site "Khanty-Mansiysk"]
[Date "2018.11.09"]
[Round "3.1"]
[White "Pogonina, Natalija"]
[Black "Lagno, Kateryna"]
[Result "1/2-1/2"]
[WhiteElo "2465"]
[BlackElo "2556"]
[Annotator "TA"]
[PlyCount "45"]
[EventDate "2018.11.03"]
[EventType "k.o."]
[EventCountry "RUS"]
[SourceTitle "playchess.com"]
[Source "ChessBase"]
[SourceQuality "1"]

{[%evp 15,45,9,3,-6,0,0,0,0,0,0,0,0,0,-14,7,7,12,7,12,14,8,0,0,0,0,0,0,0,0,0,3,0]} 1. d4 Nf6 2. Nf3 g6 3. Nbd2 Bg7 4. e4 d6 5. Bd3 O-O 6. O-O c5 7. c3 cxd4 8. cxd4 e5 {LiveBook: 3 Games. The position is equal. B07: Pirc Defence: Miscellaneous Systems} 9. Re1 exd4 10. Nxd4 Ng4 11. N4f3 $1 ({But not} 11. N2f3 Bxd4 12. Nxd4 Qh4 $17) 11... Nc6 12. h3 $146 ({Predecessor:} 12. Nc4 Be6 13. h3 Nge5 14. Ncxe5 dxe5 15. a3 Qb6 16. b4 {½-½ (57) So,W (2778)-Grischuk,A (2766) Leuven 2018}) 12... Nge5 13. Nxe5 Nxe5 14. Bf1 d5 15. exd5 Qxd5 16. Ne4 Qxd1 17. Rxd1 Be6 18. Nd6 Rad8 {[%cal Ba8d8,Bd8d7,Bd7b7,Bb7b2][%mdl 32]} 19. Be3 Rd7 {[#] ...Rfd8 is the strong threat.} 20. Bb5 Nc6 {And now ...Rfd8 would win.} 21. Nxb7 Rxb7 22. Bxc6 Rxb2 23. Bxa7 {Precision: White = 61%, Black = 88%.} 1/2-1/2

[Event "FIDE WCC 2018"]
[Site "Khanty-Mansiysk"]
[Date "2018.11.09"]
[Round "3.1"]
[White "Tokhirjonova, Gulrukhbegim"]
[Black "Gunina, Valentina"]
[Result "1-0"]
[WhiteElo "2435"]
[BlackElo "2497"]
[Annotator "TA"]
[PlyCount "81"]
[EventDate "2018.11.03"]
[EventType "k.o."]
[EventCountry "RUS"]
[SourceTitle "playchess.com"]
[Source "ChessBase"]
[SourceQuality "1"]

{[%evp 13,81,16,30,25,25,37,36,0,12,-20,-25,-24,18,0,-27,-24,14,0,0,0,0,0,0,0,0,0,0,0,0,0,47,38,10,39,38,32,22,26,46,-8,-4,-16,-16,-16,-13,-14,-4,-3,-3,-3,0,0,0,0,31,49,660,301,672,671,581,42,41,0,563,462,4132,1316,29992,29992]} 1. e4 c6 2. d4 d5 3. e5 Bf5 4. h4 h6 5. g4 Be4 6. f3 Bh7 7. e6 Nf6 {LiveBook: 3 Games. B12: Caro-Kann: Advance Variation} (7... Qd6 8. exf7+ Kxf7 9. Bd3 Bxd3 10. Qxd3 Nd7 11. h5 e5 12. f4 exd4 13. Qf5+ Ngf6 14. g5 hxg5 15. fxg5 Qg3+ {0-1 (40) Fedoseev,V (2724)-Tabatabaei,M (2577) Moscow 2018}) 8. Nc3 fxe6 $146 ({Predecessor:} 8... Qd6 9. exf7+ Kxf7 10. Be3 Nbd7 11. Qd2 Bg6 12. O-O-O e5 13. Kb1 Kg8 14. Nge2 Re8 15. Bg1 {1-0 (65) Pommrich,R (2197)-Morelli,A (2263) ICCF email 2013}) 9. Bd3 Qd6 {White is slightly better.} 10. Nge2 {Black must now prevent Bxh7.} (10. Bxh7 {seems wilder.} Rxh7 11. f4 Nbd7 12. Qd3 O-O-O 13. Nf3) 10... Nbd7 $1 11. Bxh7 Nxh7 12. f4 O-O-O 13. Qd3 Nhf6 14. Rg1 g5 15. hxg5 hxg5 16. fxg5 Ne4 17. Nxe4 dxe4 18. Qxe4 e5 19. Bd2 exd4 {Threatens to win with ...Bg7.} 20. O-O-O ({But not} 20. Nxd4 $2 Nc5 $19) (20. Qxd4 Qxd4 21. Nxd4 Ne5) 20... Nc5 21. Qf3 e5 22. Ng3 Qd5 23. Qf5+ Kb8 24. Kb1 $1 Be7 25. Rge1 Nd7 26. Qe4 (26. c3 $14) 26... Rhg8 $11 27. c3 Bxg5 28. Bxg5 Rxg5 29. cxd4 Qg8 30. dxe5 {[#] And now e6 would win.} Rxg4 31. Qf5 Rg5 32. Qf4 $1 Rf8 33. Qd4 Qg6+ ({Reject} 33... Rxg3 $6 34. e6 $16) 34. Ka1 Rxg3 $4 {[%mdl 8192]} (34... Qe6 $14) 35. Qxd7 (35. e6 $142 a6 36. exd7) 35... Qg7 $2 (35... a6 36. e6 Re8) 36. Qd6+ $18 Kc8 37. Qe6+ $2 (37. e6 $18 {White threatens e7 and mate.} Rg2 38. Qb4) 37... Kb8 $14 38. Qd6+ $2 $40 {[%mdl 8320] White attacks.} (38. a3 $14) 38... Kc8 $18 39. Rf1 Re8 (39... Rg8 $142 40. e6 Rg2) 40. e6 {[#] Rf7 would kill now.} Rg8 41. Rf7 {Precision: White = 60%, Black = 40%.} 1-0